Patterns of belief (Record no. 344208)
[ view plain ]
| 000 -LEADER | |
|---|---|
| fixed length control field | 004960000a22002170004500 |
| 005 - DATE AND TIME OF LATEST TRANSACTION | |
| control field | 20120302053926.0 |
| 040 ## - CATALOGING SOURCE | |
| Original cataloging agency | ENG |
| 100 ## - MAIN ENTRY--PERSONAL NAME | |
| Personal name | Carlton,Eric |
| 245 ## - TITLE STATEMENT | |
| Title | Patterns of belief |
| 260 ## - PUBLICATION, DISTRIBUTION, ETC. (IMPRINT) | |
| Place of publication, distribution, etc | London:George allen and Unwin,1973 |
| 300 ## - PHYSICAL DESCRIPTION | |
| Extent | 140p |
| 365 ## - TRADE PRICE | |
| Price amount | Rs.25.00 |
| 650 ## - SUBJECT ADDED ENTRY--TOPICAL TERM | |
| Topical term or geographic name as entry element | Religion |
| 650 ## - SUBJECT ADDED ENTRY--TOPICAL TERM | |
| Topical term or geographic name as entry element | Pattern-Belief |
| 650 ## - SUBJECT ADDED ENTRY--TOPICAL TERM | |
| Topical term or geographic name as entry element | Societies |
| 650 ## - SUBJECT ADDED ENTRY--TOPICAL TERM | |
| Topical term or geographic name as entry element | Religious Experiences |
| 650 ## - SUBJECT ADDED ENTRY--TOPICAL TERM | |
| Topical term or geographic name as entry element | Religion Analysed |
| 650 ## - SUBJECT ADDED ENTRY--TOPICAL TERM | |
| Topical term or geographic name as entry element | Purposes |
| 650 ## - SUBJECT ADDED ENTRY--TOPICAL TERM | |
| Topical term or geographic name as entry element | Revelation |
| 942 ## - ADDED ENTRY ELEMENTS (KOHA) | |
| Koha item type | Book |
| Withdrawn status | Lost status | Damaged status | Not for loan | Home library | Current library | Date acquired | Total Checkouts | Barcode | Date last seen | Price effective from |
|---|---|---|---|---|---|---|---|---|---|---|
| Institute For Oriental Study, Thane | Institute For Oriental Study, Thane | 12/02/2009 | IOS-8732 | 12/02/2009 | 12/02/2009 |